Leoparditude and African Drama (Record no. 2695)

MARC details
000 -LEADER
fixed length control field 00330nam a22001337a 4500
008 - FIXED-LENGTH DATA ELEMENTS--GENERAL INFORMATION
fixed length control field 250325b |||||||| |||| 00| 0 eng d
020 ## - INTERNATIONAL STANDARD BOOK NUMBER
ISBN 9783436708
100 ## - MAIN ENTRY--AUTHOR
Author HAGHERS Iyorwuese
245 ## - TITLE STATEMENT
Title Leoparditude and African Drama
260 ## - PUBLICATION, DISTRIBUTION, ETC. (IMPRINT)
Place of publication Nigeria
Name of publisher Al-Bishak
Date of publication 2000
300 ## - COLLATION
Pagination xvi, 340p.
942 ## - ADDED ENTRY ELEMENTS (KOHA)
Item type Books
050 ## - LIBRARY OF CONGRESS CALL NUMBER
Classification number PR9387
Item number .H34
Holdings
Source of classification or shelving scheme Not for loan Permanent location Current location Date acquired Accession No. Full call number Barcode. Koha item type
Library of Congress Classification   Samuel Ogbemudia Main Library, University of Abuja Samuel Ogbemudia Main Library, University of Abuja 03/25/2025 2003/25069 PR9387.H34 2025-0991 Books